| 000 | 00000nam##2200000za#4500 |
| 001 | 9.578741 |
| 003 | CaOODSP |
| 005 | 20210624190229 |
| 007 | cr ||||||||||| |
| 008 | 150406|2010||||xxc|||||o f|0| 0 eng|d |
| 040 | |aCaOODSP|beng |
| 043 | |an-cn--- |
| 086 | 1 |aFs3-5/2010-05E-PDF |
| 110 | 1 |aCanada. |bDepartment of Fisheries and Oceans. |
| 245 | 10|aAssessment of eastern Georges Bank haddock for 2010 / |h[electronic resource]|c[by] L. Van Eeckhaute and Elizabeth N. Brooks. |
| 260 | |aOttawa - Ontario : |bFisheries and Oceans Canada |
| 300 | |a107p.|bgraphs, maps, references, tables |
| 490 | 1 |aTransboundary Resource Assessment Committee reference document|v2010/05 |
| 546 | |a(Résumé en français) |
| 590 | |a14-12-Supp|b2014-05-30 |
| 830 | #0|aTransboundary Resource Assessment Committee reference document ;|v2010/05|w(CaOODSP)9.507742 |
| 856 | 40|ahttp://publications.gc.ca|qPDF|s775 KB|uhttps://publications.gc.ca/collections/collection_2014/mpo-dfo/Fs3-5-2010-05-eng.pdf|y2010/05 |